000 00551nam a2200181 i 4500
001 35089
003 ES-MaACL
007 t|
008 030212s1937 gw ||||1| ger d
100 1 _aBorchard, August.
_930367
245 1 0 _aLehrbuch der kriegschivurgie... /
_cherangegeban von August Borchard und Victor Schmieden.
260 _aLeipzig :
_bC. G. Röder,
_c1937.
300 _aXX, 821 p. ;
_c22 cm.
700 1 _aSchmieden, Victor.
_9194488
852 _aES-MaACL
_jE-433
_bR.18506
852 _aES-MaACL
_jE-449
_bR.18506
999 _c35089
_d35089